000
00316nam a22001457a 4500
008
210602b ||||| |||| 00| 0 eng d
020
_a
087120164X
041
_a
eng
080
_a
658
082
_a
658
100
_a
54
101
_a
LID
245
_a
Instructional Leadership
_c
Wilma F. Smith
942
_2
udc
_c
BK
999
_c
57926
_d
57926